| 000 | 01830nam0a2200337 i 4500 | ||
|---|---|---|---|
| 001 | RU\NLR\BIBL_A\010875868 | ||
| 005 | 20260406023314.0 | ||
| 010 |
_a9785222247341 _92500 |
||
| 021 |
_aRU _b2015-74268 _94474 |
||
| 035 | _a(NLR Aleph) 010875868 | ||
| 090 |
_a10480399 _c10480399 |
||
| 100 | _a20151026d2015 u y0rusy50 ca | ||
| 101 | 0 |
_aeng _arus |
|
| 102 | _aRU | ||
| 105 | _aa|||j|||000yy | ||
| 200 | 1 |
_aАнглийский язык для делового общения _dLearning business communication in English _eучебное пособие для студентов, обучающихся по укрупненным направлениям "Экономика и управление", "Сервис и туризм" _eсоответствует Федеральному государственному образовательному стандарту (третьего поколения) _fС. И. Гарагуля _zeng |
|
| 205 | _aИзд. 2-е | ||
| 210 |
_aРостов-на-Дону _cФеникс _d2015 |
||
| 215 |
_a268 с. _cил. _d21 |
||
| 225 | 1 | _aСерия Высшее образование | |
| 320 | _aБиблиогр.: с. 263-265 (27 назв.) | ||
| 510 | 1 |
_6z22790 _aLearning business communication in English _zeng |
|
| 606 |
_aАнглийский язык _jУчебные издания для высших учебных заведений _xСтилистика деловой речи _92410680 _3RU\NLR\AUTH\661436345 |
||
| 675 | _a811.111 | ||
| 686 | 1 | _aШ143.21-93рус3-70 | |
| 700 | 1 |
_8rus _7ca _aГарагуля _bС. И. _gСергей Иванович _3RU\NLR\AUTH\77124850 _9107775 |
|
| 790 | 1 |
_8rus _7ba _aGaragulja _bS. I. _gSergej Ivanovič _3RU\NLR\AUTH\77124855 _9107780 |
|
| 942 | _cBOOK | ||
| 980 | _aNBR | ||